000 00505nam a22001577a 4500
999 _c8273
_d8274
008 190814b ||||| |||| 00| 0 eng d
020 _a0023673907
082 _a305 LAN
245 _aCulture, Disease and Healing ;
_bStudies in Medical anthropology.
260 _aNew York :
_bMacmillan,
_c1977.
300 _a xv, 559 p. :
_b ill. ;
_c26 cm.
500 _a Bibliography: p. 519-559.
650 _a Medical anthropology. Traditional medicine. Social medicine.
700 _aLandy, David
942 _2ddc